Biblické písně

Hlavní autor: Moor, Karel, 1873-1945
Jazyk: Němčina
Čeština
Vydáno: Čáslav : Levý, [1910?]
Fyzický popis: 9 s.
Language note: Text též německy
Hudebniny Hudebniny
Uloženo v:
LEADER 00711ncm a22002412a 4500
001 001185603
003 CZ BrMZK
005 20111216083047.0
007 qu
008 111212s1910 xr |||||||||||||||||cze d
040 |a BOA001  |b cze 
041 0 |a cze  |a ger 
072 7 |a 784  |x Vokální hudba  |2 Konspekt  |9 9 
100 1 |a Moor, Karel,  |d 1873-1945  |7 jk01082024  |4 cmp 
245 1 0 |a Biblické písně  |h [hudebnina] /  |c Karel Moor 
260 |a Čáslav :  |b Levý,  |c [1910?] 
300 |a 9 s. 
500 |a Zpěv a klavír 
546 |a Text též německy 
910 |a BOA001  |b Mus4-0303.135 
990 |a MU 
991 |b 201112 
996 6 |b 2619564825  |c Mus4-0303.135  |l MZK  |r Sklad / do 1 hodiny  |n 1  |w 001219160  |u 000010  |a 1  |e BOA001  |j MZK50  |s P